000 01222nam a22003497a 4500
001 02010045713
003 DO-SdBPM
005 20251117123656.0
007 ta
008 161213b 2005 sp a | |||| 00| 0 spa d
020 _a8408047566
040 _aDO-SdBPM
_bspa
_cBPMSU
_erda
082 4 _a853.91
_b S857e 2005
_222
100 1 _aStilton, Geronimo
_eautor
_4aut.
240 1 _l
245 1 0 _aEn busca de la maravilla perdida /
_cGeronimo Stilton ; ilustraciones de Larry Keys ; traducción, Manuel Manzano.
264 _aBarcelona :
_bDestino,
_c2005.
300 _a116 páginas. :
_bilustraciones ;
_c20 cm.
336 _atexto
_btxt
_2rdacontent
337 _asin mediación
_bn
_2rdamedia
338 _avolumen
_bnc
_2rdacarrier
490 0 _aCamaleón,
_v2
500 _aIncluye datos biográficos del autor en la solapa de la contracubierta.
500 _aTraducción de: Tutta colpa di un caffè con panna
590 _aInventariado, 2025/VM
650 7 _aCuentos infantiles italianos
650 7 _aRatones
_vCuentos infantiles
700 1 _aManzano, Manuel,
_etraductor
700 1 _aKeys, Larry,
_eilustraciones
910 _aVMateo V. Control de calidad. BPMSU
942 _2ddc
_cBK
999 _c12403
_d12403